000 00234nam a2200097Ia 4500
008 240331s9999 xx 000 0 und d
082 _bPRA
100 _aPrakash, G. M. L
245 0 _aTamilinmuthal oviya vimarsana illakkiyam
942 _cL
999 _c3703
_d3703